| 000 | 01212nam a22002297a 4500 | ||
|---|---|---|---|
| 003 | NALT | ||
| 005 | 20230811110402.0 | ||
| 008 | s2552 th tha d | ||
| 020 | _a9789748132495 | ||
| 040 | _aNALT | ||
| 041 | _atha | ||
| 090 |
_aอศ _bพ347ข 2552 |
||
| 245 | 0 | 0 | _aขิปปปัญญานุสรณ์ : อนุสรณ์งานพระราชทานเพลิงศพพระปัญญาพิศาลเถร (หลวงพ่อทูล ขิปฺปปญโญ) อดีตเจ้าอาวาสวัดป่าบ้านค้อ. |
| 260 |
_aกรุงเทพฯ : _bอมรินทร์พริ้นติ้งแอนด์พับลิชชิ่ง, _c2552. |
||
| 300 |
_a296 หน้า : _bภาพประกอบ ; _c26 ซม. |
||
| 600 | 0 | 4 |
_961311 _aหลวงพ่อทูล _xชีวประวัติ |
| 600 | 0 | 4 |
_961312 _aพระปัญญาพิศาลเถร _xธรรมเทศนา |
| 610 | 2 | 4 |
_961313 _aวัดป่าบ้านค้อ _xประวัติ |
| 850 | _aNALT | ||
| 856 | 4 | 0 | _uhttps://dl.parliament.go.th/handle/lirt/575808 |
| 942 |
_cCRE _2local |
||
| 999 |
_c72404 _d72404 |
||
| 998 |
_j104 _k นางสาวสายฝน ดีงาม |
||